00696nam a2200193 i 450000100060000000300090000600500170001500700030003200800410003510000450007624500700012125000130019126000410020430000300024565000560027585200320033199900170036395201220038069882ES-MaACL20250907063047.0t|040713s1966 sp ||||1| spa d1 aGarcía López, José, d1916-95484310aHistoria de la literatura española / cJosé García López. a10ª ed. aBarcelona : bVicens-Vives, c[1966] a708 p. : bil. ; c22 cm. 4aLiteratura española-xHistoria y crítica914560 aES-MaACLjC-30472 bR.60733 c69882d69882 00104070aATENEOMbATENEOMcDEPO2d2008-01-17eSCl0oC-30472p1073177r2023-02-23 00:00:00w2023-02-23yMONOGRAFIA